Mahakavi K C Kesavapillai / (Record no. 4922)
[ view plain ]
| 000 -LEADER | |
|---|---|
| fixed length control field | 00284cam a2200121ua 4500 |
| 003 - CONTROL NUMBER IDENTIFIER | |
| control field | OSt |
| 008 - FIXED-LENGTH DATA ELEMENTS--GENERAL INFORMATION | |
| fixed length control field | 191028b ||||| |||| 00| 0 eng d |
| 082 ## - DEWEY DECIMAL CLASSIFICATION NUMBER | |
| Classification number | 928.94812 |
| Item number | KES/KC |
| 100 ## - MAIN ENTRY--AUTHOR NAME | |
| Personal name | Hari,Sharma, A C. |
| 245 ## - TITLE STATEMENT | |
| Title | Mahakavi K C Kesavapillai / |
| 300 ## - PHYSICAL DESCRIPTION | |
| Number of Pages | 181 ; . |
| 942 ## - ADDED ENTRY ELEMENTS (KOHA) | |
| Koha item type | Books |
| Withdrawn status | Lost status | Damaged status | Home library | Current library | Date acquired | Cost, normal purchase price | Full call number | Accession Number | Koha item type |
|---|---|---|---|---|---|---|---|---|---|
| Withdrawn | KAUAET | KAUAET | 07/04/2012 | 1.50 | 928.94812 | 1322 | Books |
